00566 2200205 4500001002100000005001700021008004100038035002400079082001000103090001700113100001900130245004500149260006100194300003200255500001100287650002600298850001500324985000600339999001500345YOGYA-0209000002985620090227024401.0 ind  0010-020900000029856 a616.7 a616.7bKin M aKINSMAN, Siman aMesculoskelatal radiologycSiman Kinsman aCaliforniabCalifornia State Departement of Healthc1974 axviii, 328 hlmbilusc28 cm aIndeks aRematik - Terapi obat aYOPDYOG(B) a1 aa000013012